Bitva na Vítkově /

Hlavní autor: Polívka, Miloslav, 1951-
Jazyk: Čeština
Vydáno: Praha : Melantrich, 1987
Edice: Slovo k historii
Externí odkaz: Digitalizovaný dokument
Fyzický popis: 40 s. : il. (některé barev.), mapy, plány, faksim. ;
Knihy
Uloženo v:
LEADER 01033nam a2200277 a 4500
001 000468772
003 CZ BrMZK
005 20251023091849.0
008 000105s1987 xr abehf 000 0 cze d
015 |a cnb000031944 
035 |a (OCoLC)39437320 
040 |a BOA001  |b cze 
080 |a 355.483(437.10)"1420"  |2 MRF 
080 |a 943.71  |2 MRF 
100 1 |a Polívka, Miloslav,  |d 1951-  |7 jn20000620286  |4 aut 
245 1 0 |a Bitva na Vítkově /  |c M. Polívka 
260 |a Praha :  |b Melantrich,  |c 1987 
300 |a 40 s. :  |b il. (některé barev.), mapy, plány, faksim. ; 
490 1 |a Slovo k historii ;  |v roč. 1987, č. 8 
500 |a Název z obálky 
500 |a Dostupné též v digitální podobě v aplikaci Kramerius 
830 0 |a Slovo k historii  |0 s 
856 4 1 |u http://www.digitalniknihovna.cz/mzk/uuid/uuid:0a4134d0-b82f-11e9-8fdf-005056827e52  |y Digitalizovaný dokument  |x NDK 
910 |a BOA001  |b X2-0917.201 
990 |a BK 
996 6 |b 2619754470  |c X2-0917.201  |l MZK  |r Sklad / do 24 hodin  |n 12  |w 000468772  |u 000010  |a 1  |e BOA001  |j MZK50  |s P